|
|
|
|
| LEADER |
01618nam a2200385 a 4500 |
| 001 |
33030 |
| 003 |
BD-DhAAL |
| 005 |
20211207121633.0 |
| 008 |
180415r20101997enk b 001 0 eng |
| 999 |
|
|
|c 39259
|d 39259
|
| 010 |
|
|
|a 96049949
|
| 020 |
|
|
|a 0335197280 (hb)
|
| 020 |
|
|
|a 0335197272
|
| 020 |
|
|
|a 9780335197279
|
| 020 |
|
|
|a 0335197272 (pbk.)
|
| 040 |
|
|
|a DLC
|c DLC
|d DLC
|
| 043 |
|
|
|a e-uk---
|
| 050 |
0 |
0 |
|a JN231
|b .R495 1997
|
| 082 |
0 |
0 |
|a 320.941
|2 21
|
| 100 |
1 |
|
|a Rhodes, R. A. W.
|9 25504
|
| 245 |
1 |
0 |
|a Understanding governance :
|b policy networks, governance, reflexivity, and accountability /
|c R.A.W. Rhodes.
|
| 246 |
|
|
|a Understanding governance
|
| 260 |
|
|
|a Buckingham ;
|a Philadephia :
|b Open University Press,
|c c1997 [reprinted 2010]
|
| 300 |
|
|
|a xiii, 235 pages. ;
|c 24 cm.
|
| 440 |
|
0 |
|a Public policy and management
|9 25505
|
| 504 |
|
|
|a Includes bibliographical references and indexes.
|
| 526 |
|
|
|a AAL
|
| 541 |
|
|
|a Trim Education
|e 33030, 33031
|
| 650 |
|
0 |
|a Policy networks
|z Great Britain.
|9 25506
|
| 650 |
|
0 |
|a Political planning
|z Great Britain.
|9 25507
|
| 651 |
|
0 |
|a Great Britain
|x Politics and government
|y 1945-
|9 25508
|
| 852 |
|
|
|a Ayesha Abed Library
|c General Stacks
|
| 942 |
|
|
|2 ddc
|c BK
|
| 952 |
|
|
|0 0
|1 0
|2 ddc
|4 0
|6 320_941000000000000_RHO
|7 0
|9 63169
|a BRACUL
|b BRACUL
|c GEN
|d 2018-04-12
|e Trim Education
|g 5075.00
|l 1
|m 2
|o 320.941 RHO
|p 3010033030
|r 2019-04-04
|s 2018-04-18
|t 1
|v 5075.00
|w 2018-04-12
|y BK
|
| 952 |
|
|
|0 0
|1 0
|2 ddc
|4 0
|6 320_941000000000000_RHO
|7 0
|9 63170
|a BRACUL
|b BRACUL
|c GEN
|d 2018-04-12
|e Trim Education
|g 5075.00
|l 0
|o 320.941 RHO
|p 3010033031
|r 2018-04-12
|t 2
|v 5075.00
|w 2018-04-12
|y BK
|